Tilastot visalle Sanat - "Vihanneslaulu"

Klikkaa tästä pelataksesi tätä visaa!

Yleistilastot

  • Tätä visaa on pelattu 28 kertaa
  • Keskiarvotulos 40 / 66

Vastaustilastot

Vastaus% Oikein
Kukkuu
91%
kukkuu
91%
pikkulanttu
87%
pikkulanttu
87%
nukkuu
83%
se
83%
se
83%
se
83%
se
83%
se
83%
ja
78%
ja
78%
ja
78%
ja
78%
kellarin
78%
Nauris
78%
nurkassa
78%
pimeässä
78%
porkkana
78%
hiiri
65%
ihan
65%
Kaali
65%
karkas
65%
me
65%
nurkkahan
65%
ollaan
65%
paineli
65%
parkas
65%
perässä
65%
sipuli
65%
kiltisti
61%
naurista
61%
peruna
61%
potkaisi
61%
punajuuri
61%
puraisi
61%
tuli
61%
yhdessä
61%
itkeä
57%
kasvikset
57%
pillitti
57%
retiisi
57%
Suut
57%
kukkakaali
52%
muuttui
52%
punaiseksi
52%
suuttui
52%
avain
48%
kun
48%
kurkisti
48%
lukkoon
48%
punoitti
48%
tarhuri
48%
vieressä
48%
kävi
43%
kikatti
43%
meni
43%
mökötti
43%
ovesta
43%
tilliä
43%
lohdutti
39%
tukkoon
39%
vain
35%
salaatti
30%
yksinänsä
30%
vakuutta
9%

Tulosjakauma

Persentiili vastausten määrän mukaan

Jokaisen tuloksen saaneiden osuus

Tuloshistoriasi

Et ole pelannut tätä visaa